| 000 -LEADER |
| fixed length control field |
00880nam a22000977a 4500 |
| 008 - FIXED-LENGTH DATA ELEMENTS--GENERAL INFORMATION |
| fixed length control field |
160222b xxu||||| |||| 00| 0 eng d |
| 100 ## - MAIN ENTRY--AUTHOR'S NAME |
| Author's Name |
Sem, Peter |
| 245 ## - TITLE STATEMENT |
| Title |
Bayern Spezialkatalog. Band 1, Handbuch Kreuzerausgaben, 6. Auflage (1985) |
| Remainder of title |
Bavaria Specialized catalog vol 1 (1985) |
| 260 ## - PUBLICATION, DISTRIBUTION, ETC. (IMPRINT) |
| Place of publication, distribution, etc. |
Bamberg, Germany |
| Name of publisher, distributor, etc. |
p. Sem |
| Date of publication, distribution, etc. |
1985 |
| 650 ## - TOPICAL TERM (Tag) |
| Topical term or geographic name |
Germany | Bavaria (1849-1920) | German States | Catalogs and Price Lists | Definitive Issues | 19th Century | Production | Errors and Varieties | Plates and Plating | Essays and Proofs | Imperforate Issues | Embossed Issues | Postage Dues | Telegraph Issues | Postal Stationery | Postal Markings | Mixed Markings | Postal History | Covers | Postal Rates | Post Offices | Postal Agencies | Military Mail | Railway Mail | Registered Mail | Telegrams | Collecting -- Identification | Forgeries and Counterfeits | Bogus and Forged | Expertizing | Experts |